Vista normal
Vista MARC
Entrada Corporate Name
Número de registros utilizados en: 1
001 - CONTROL NUMBER
- control field: 12579
003 - CONTROL NUMBER IDENTIFIER
- control field: DLC
005 - DATE AND TIME OF LATEST TRANSACTION
- control field: 20220516163518.0
008 - FIXED-LENGTH DATA ELEMENTS
- fixed length control field: 050310n| acannaabn |n anc c
010 ## - LIBRARY OF CONGRESS CONTROL NUMBER
- LC control number: no2005023709
035 ## - SYSTEM CONTROL NUMBER
- System control number: (OCoLC)oca06580403
040 ## - CATALOGING SOURCE
- Original cataloging agency: MH-L
- Language of cataloging: spa
- Transcribing agency: Mx-PuUPA
- Modifying agency: Mx-PuUPA
- Description conventions: rda
110 2# - HEADING--CORPORATE NAME
- Corporate name or jurisdiction name as entry element: International Institute for the Unification of Private Law.
- Subordinate unit: Bibliothèque
374 ## - OCCUPATION
- Occupation: Autor
377 ## - ASSOCIATED LANGUAGE
- Language code: eng
670 ## - SOURCE DATA FOUND
- Source citation: Bulletin bibliographique, janv./févr. 1950:
- Information found: t.p. (Bibliothèque de l'Institut international pour l'unification du droit privé)